00513nam a2200169Ia 4500003000900000008004100009020002200050040001600072080002600088100003300114245007700147260002600224300001500250490002400265650003000289650002400319IN-BaIIA211028s9999 xx 000 0 eng d a978-88-470-2807-4 cIIA Library a535.338:524.3-64bLAN aLandi Degl'Innocenti, Egidio 0aAtomic spectroscopy and radiative processescEgidio Landi Degl'Innocenti aMilanbSpringerc2014 axii, 430p. aUNITEXT for physics aAstronomical spectroscopy aAtomic spectroscopy